London boroughs west (Record no. 77348)

MARC details
000 -LEADER
fixed length control field 00873cab a2200217 4500
001 - CONTROL NUMBER
control field ##L134065
008 - FIXED-LENGTH DATA ELEMENTS--GENERAL INFORMATION
fixed length control field 060705n2006 000 0 eng u
035 ## - SYSTEM CONTROL NUMBER
System control number (Sirsi) u134065
041 0# - LANGUAGE CODE
Language code of text/sound track or separate title eng
100 1# - MAIN ENTRY--PERSONAL NAME
Personal name Hipwell, Deirdre
245 00 - TITLE STATEMENT
Title London boroughs west
Remainder of title regional
260 ## - PUBLICATION, DISTRIBUTION, ETC.
Date of publication, distribution, etc. 2006
490 #0 - SERIES STATEMENT
Series statement Property Week
Volume/sequential designation 71(26) 30 June 2006, 73-84(6)
520 ## - SUMMARY, ETC.
Summary, etc. Looks at the reluctance of west London boroughs to grant planning permission for big stores such as Tesco and Ikea, recently rejected by Hillingdon council; Hayes' lacklustre office market, despite its proximity to Heathrow airport; and recovery in the office market indicated by an increase in speculative development.
590 ## - LOCAL NOTE (RLIN)
Local note IKA180706
651 #4 - SUBJECT ADDED ENTRY--GEOGRAPHIC NAME
Geographic name WEST LONDON
651 #4 - SUBJECT ADDED ENTRY--GEOGRAPHIC NAME
Geographic name HILLINGDON
651 #4 - SUBJECT ADDED ENTRY--GEOGRAPHIC NAME
Geographic name HAYES
690 ## - LOCAL SUBJECT ADDED ENTRY--TOPICAL TERM (OCLC, RLIN)
Topical term or geographic name as entry element PROPERTY-COMMERCIAL PROPERTY-COMMERCIAL PROPERTY MARKET
942 ## - ADDED ENTRY ELEMENTS (KOHA)
Suppress in OPAC 0
Holdings
Withdrawn status Lost status Source of classification or shelving scheme Damaged status Not for loan Home library Current library Shelving location Date acquired Total Checkouts Full call number Barcode Date last seen Copy number Price effective from Koha item type
    Dewey Decimal Classification     London London Journal article 05/07/2006   L134065 134065-1001 06/08/2019 1 06/08/2019 Journal article